00571nam a2200193 a 4500001001300000003000900013005001700022008004100039020002300080082001800103100003000121245007400151260003600225300000900261500003500270505002400305650001800329700003000347nice12345678IN_TiNIC20260116013653.0050524s1995 newa grp 000 0 eng  a8173043 c30000a306.0954bDEL aDelvoye, Francoise Nalini aConfluence of Culturesb French Contributions to Indo-Persian Studies aNew Delhi bManohar Pub. c1995 a256p aincludes index and biblioraphy2 aBibliography, Index aCulture-India1 aDelvoye, Francoise Nalini